00349nam a2200133Ia 4500008004100000041000800041082001400049100002200063245004500085250001400130260002900144300003100173365001100204240624s9999 xx 000 0 und d aeng a332.1 SUR aSURESH PADMALATHA aMANAGEMENT OF BANKING AND FINANCIAL SERV a(3rd ed.) c2015aNew DelhibPearson axix, : 683 : p. : cm. ; 26 cRSb33